000 00639cab a2200217 4500
001 ABS46602
008 090401t1992 xxu||||| |||| 00| 0 eng d
035 _a(Sirsi) u58836
041 _aeng
100 _aSmith, Peter F.
245 _aDo not beware of time-limits
260 _c1992
350 _a0
490 _aRent Review & Lease Renewal
_v12(3) Spring 1992, 227-286(7)
520 _aExamines the role of time-limits in rent review clauses citing relevant case law. References.
650 _aRENT REVIEW
650 _aTIME OF THE ESSENCE
690 _aLANDLORD AND TENANT-RENT REVIEWS
942 _n0
948 _c04/03/1997
999 _c35978
_d35978